书目信息 |
| 题名: |
岩石点荷载测试及其应用
|
|
| 作者: | 李茂兰 , 钟光宙 编著 | |
| 分册: | ||
| 出版信息: | 峨嵋 西南交通大学出版社 1994.03 |
|
| 页数: | 133页 | |
| 开本: | 32开 | |
| 丛书名: | ||
| 单 册: | ||
| 中图分类: | TU459 | |
| 科图分类: | ||
| 主题词: | 岩石力学 , 岩体力学 , 岩石试验 | |
| 电子资源: | ||
| ISBN: | 7-81022-662-2 | |
| 000 | 00674nam0 2200229 45 | |
| 001 | 0008170833 | |
| 005 | 20000918190851.5 | |
| 010 | @a7-81022-662-2@d3.80元 | |
| 100 | @a20000817d1994 km y0chiy0120 ea | |
| 101 | 0 | @achi |
| 105 | @a z 000yy | |
| 200 | 1 | @a岩石点荷载测试及其应用@AYan Shi Dian He Zai Ce ShiJi Qi Ying Yong@f李茂兰,钟光宙编著@FLi Mao Lan,ZhongGuang Zhou Bian Zhu |
| 210 | @a峨嵋@c西南交通大学出版社@d1994.03 | |
| 215 | @a133页@d32开 | |
| 606 | 0 | @a岩石力学 |
| 606 | 0 | @a岩体力学 |
| 606 | 0 | @a岩石试验 |
| 690 | @aTU459@v3 | |
| 701 | 0 | @a李茂兰@4编著 |
| 701 | 0 | @a钟光宙@4编著 |
| 801 | @aCN@bPftUser@c20000817 | |
| 905 | @dTU459@eL428@b147386-390@f5 | |
| 岩石点荷载测试及其应用/李茂兰,钟光宙编著.-峨嵋:西南交通大学出版社,1994.03 |
| 133页;32开 |
| ISBN 7-81022-662-2:3.80元 |
| ● |
| 相关链接 |
|
|
|
正题名:岩石点荷载测试及其应用
索取号:TU459/L428
 
预约/预借
| 序号 | 登录号 | 条形码 | 馆藏地/架位号 | 状态 | 备注 |
| 1 | 147386 | 201473869 | 建筑库101/101建筑库 95排3列3层/ [索取号:TU459/L428] | 在馆 | |
| 2 | 147387 | 201473878 | 土木与交通工程学院资料室/101建筑库 48排2列1层/ [索取号:TU459/L428] | 在馆 | |
| 3 | 147388 | 201473887 | 建筑库101/101建筑库 95排3列3层/ [索取号:TU459/L428] | 在馆 | |
| 4 | 147389 | 201473896 | 土木与交通工程学院资料室/101建筑库 48排2列1层/ [索取号:TU459/L428] | 在馆 | |
| 5 | 147390 | 201473903 | 自科二线404/404自科库 27排5列4层/ [索取号:TU459/L428] | 在馆 |